000 00438nam a2200181Ia 4500
001 9589
005 20260306161729.0
008 260306t2011||||xx |||||||||||||| ||spa||
041 _aESP
082 _a382.4
_bF58
100 _aFlint, Pinkas
_eAUT
245 0 _aNegocios y transacciones internacionales:
_bEl comercio de bienes
260 _c2011
300 _a
_c25 cm.
650 _aGEN
654 _aCAN
942 _cLIB
_dJUS
_fJUS
_2ddc
_n
999 _c9589
_d9589